<?xml version="1.0" encoding="UTF-8"?>
<record
    xmlns:xsi="http://www.w3.org/2001/XMLSchema-instance"
    xsi:schemaLocation="http://www.loc.gov/MARC21/slim http://www.loc.gov/standards/marcxml/schema/MARC21slim.xsd"
    xmlns="http://www.loc.gov/MARC21/slim">

  <leader>02593nam a2200325 i 4500</leader>
  <controlfield tag="001">000008094</controlfield>
  <controlfield tag="003">DO-SdBNP</controlfield>
  <controlfield tag="005">20250630104809.0</controlfield>
  <controlfield tag="007">ta</controlfield>
  <controlfield tag="008">780210t1969    ve      r     000 f spa d</controlfield>
  <datafield tag="040" ind1=" " ind2=" ">
    <subfield code="a">DO-SdBNP</subfield>
    <subfield code="b">spa</subfield>
    <subfield code="c">BNPHU</subfield>
    <subfield code="e">rda</subfield>
  </datafield>
  <datafield tag="041" ind1=" " ind2=" ">
    <subfield code="a">spa</subfield>
  </datafield>
  <datafield tag="082" ind1=" " ind2="4">
    <subfield code="a">Ch863.44</subfield>
    <subfield code="b">L168fi </subfield>
    <subfield code="2">22</subfield>
  </datafield>
  <datafield tag="100" ind1="1" ind2=" ">
    <subfield code="a">Lafourcade, Enrique,</subfield>
    <subfield code="d">1927- 2019</subfield>
    <subfield code="e">autor</subfield>
    <subfield code="4">aut.</subfield>
    <subfield code="9">21998</subfield>
  </datafield>
  <datafield tag="245" ind1="1" ind2="3">
    <subfield code="a">La fiesta del rey Acab /</subfield>
    <subfield code="c">Enrique Lafourcade.</subfield>
  </datafield>
  <datafield tag="264" ind1=" " ind2="4">
    <subfield code="a">Caracas, Venezuela :</subfield>
    <subfield code="b">Monte &#xC1;vila Editores,</subfield>
    <subfield code="c">&#xA9;1969.</subfield>
  </datafield>
  <datafield tag="300" ind1=" " ind2=" ">
    <subfield code="a">317 p&#xE1;ginas ;</subfield>
    <subfield code="c">18 cm.</subfield>
  </datafield>
  <datafield tag="336" ind1=" " ind2=" ">
    <subfield code="a">texto</subfield>
    <subfield code="b">txt</subfield>
    <subfield code="2">rdacontent</subfield>
  </datafield>
  <datafield tag="337" ind1=" " ind2=" ">
    <subfield code="a">sin mediaci&#xF3;n</subfield>
    <subfield code="b">n</subfield>
    <subfield code="2">rdamedia</subfield>
  </datafield>
  <datafield tag="338" ind1=" " ind2=" ">
    <subfield code="a">volumen</subfield>
    <subfield code="b">nc</subfield>
    <subfield code="2">rdacarrier</subfield>
  </datafield>
  <datafield tag="490" ind1="0" ind2=" ">
    <subfield code="a">Continente</subfield>
  </datafield>
  <datafield tag="500" ind1=" " ind2=" ">
    <subfield code="a">Esta es la primera novela que recoge la desaparici&#xF3;n de Gal&#xED;ndez. En ella se recrea con gran verosimilitud un d&#xED;a en la vida del dictador Carrillo, que no es otro que Rafael Le&#xF3;nidas Trujillo. El d&#xED;a de su cumplea&#xF1;os, donde se conjugan la megaloman&#xED;a, el crimen, la adulaci&#xF3;n, el desenfreno, aderezados con el whisky, las comilonas y los desfiles.</subfield>
  </datafield>
  <datafield tag="500" ind1=" " ind2=" ">
    <subfield code="a">En La fiesta del rey Acab de Enrique Lafourcade, Jes&#xFA;s de Gal&#xED;ndez es mencionado como una figura clave dentro de los relatos de la represi&#xF3;n pol&#xED;tica de la dictadura de Rafael Trujillo. El caso de Gal&#xED;ndez, que fue secuestrado y desaparecido en 1956, se presenta en el libro como una muestra de las atrocidades cometidas por los reg&#xED;menes totalitarios, como el de Trujillo en la Rep&#xFA;blica Dominicana.

Lafourcade utiliza la figura de Gal&#xED;ndez no solo para se&#xF1;alar la brutalidad del r&#xE9;gimen, sino tambi&#xE9;n para reflexionar sobre la corrupci&#xF3;n del poder, la impunidad de los dictadores y las v&#xED;ctimas que caen en el olvido. En la obra, Gal&#xED;ndez se convierte en un s&#xED;mbolo de los ideales de libertad y justicia que son asesinados por la opresi&#xF3;n.

La referencia a Gal&#xED;ndez est&#xE1; cargada de simbolismo y se inserta en el marco de la cr&#xED;tica general que hace Lafourcade a las estructuras autoritarias, tanto en el contexto dominicano como en otros pa&#xED;ses de Am&#xE9;rica Latina.

El libro, por lo tanto, menciona a Gal&#xED;ndez en un tono reflexivo, denunciando las injusticias que sufri&#xF3; y la falta de justicia que persiste, adem&#xE1;s de contrastar su lucha por la verdad con la crueldad de los reg&#xED;menes dictatoriales.</subfield>
  </datafield>
  <datafield tag="590" ind1=" " ind2=" ">
    <subfield code="a">Inventariado, 2025/ YL</subfield>
  </datafield>
  <datafield tag="650" ind1=" " ind2="4">
    <subfield code="a">Novela chilena</subfield>
    <subfield code="9">3163</subfield>
  </datafield>
  <datafield tag="650" ind1=" " ind2="4">
    <subfield code="a">Literatura chilena</subfield>
    <subfield code="9">3164</subfield>
  </datafield>
  <datafield tag="651" ind1=" " ind2="0">
    <subfield code="a">REP&#xDA;BLICA DOMINICANA</subfield>
    <subfield code="x">HISTORIA</subfield>
    <subfield code="y">ERA DE TRUJILLO, 1930-1961</subfield>
    <subfield code="x">NOVELA</subfield>
    <subfield code="9">21999</subfield>
  </datafield>
  <datafield tag="910" ind1=" " ind2=" ">
    <subfield code="a">YLockward/ Validado. Control de calidad. EMS</subfield>
  </datafield>
  <datafield tag="942" ind1=" " ind2=" ">
    <subfield code="2">ddc</subfield>
    <subfield code="c">LBS1</subfield>
  </datafield>
  <datafield tag="952" ind1=" " ind2=" ">
    <subfield code="0">0</subfield>
    <subfield code="1">0</subfield>
    <subfield code="2">ddc</subfield>
    <subfield code="5">1</subfield>
    <subfield code="7">0</subfield>
    <subfield code="8">PD</subfield>
    <subfield code="a">BNPHU</subfield>
    <subfield code="b">BNPHU</subfield>
    <subfield code="c">HD</subfield>
    <subfield code="d">1978-01-17</subfield>
    <subfield code="e">Donado por Monte Avila Editorial</subfield>
    <subfield code="l">0</subfield>
    <subfield code="o">BNPHU PD Ch863.44 L168fi</subfield>
    <subfield code="p">8094-10</subfield>
    <subfield code="r">2020-06-25</subfield>
    <subfield code="y">LBS1</subfield>
    <subfield code="Z">Pr&#xE9;stamo en sala</subfield>
  </datafield>
  <datafield tag="952" ind1=" " ind2=" ">
    <subfield code="0">0</subfield>
    <subfield code="1">0</subfield>
    <subfield code="2">ddc</subfield>
    <subfield code="5">3</subfield>
    <subfield code="7">0</subfield>
    <subfield code="8">PD</subfield>
    <subfield code="a">BNPHU</subfield>
    <subfield code="b">BNPHU</subfield>
    <subfield code="c">HD</subfield>
    <subfield code="d">2009-09-14</subfield>
    <subfield code="l">0</subfield>
    <subfield code="o">BNPHU PD Ch863.44 L168fi</subfield>
    <subfield code="p">8094-20</subfield>
    <subfield code="r">2020-06-25</subfield>
    <subfield code="t">e. 2</subfield>
    <subfield code="y">LBS1</subfield>
    <subfield code="Z">Pr&#xE9;stamo en sala</subfield>
  </datafield>
  <datafield tag="952" ind1=" " ind2=" ">
    <subfield code="0">0</subfield>
    <subfield code="1">0</subfield>
    <subfield code="2">ddc</subfield>
    <subfield code="5">6</subfield>
    <subfield code="7">0</subfield>
    <subfield code="8">DS</subfield>
    <subfield code="a">BNPHU</subfield>
    <subfield code="b">BNPHU</subfield>
    <subfield code="c">HD</subfield>
    <subfield code="d">2009-09-14</subfield>
    <subfield code="l">0</subfield>
    <subfield code="o">BNPHU DS Ch863.44 L168fi</subfield>
    <subfield code="p">2025-0570</subfield>
    <subfield code="r">2025-01-29</subfield>
    <subfield code="t">e. 3</subfield>
    <subfield code="w">2025-01-29</subfield>
    <subfield code="y">LBS1</subfield>
  </datafield>
  <datafield tag="999" ind1=" " ind2=" ">
    <subfield code="c">7871</subfield>
    <subfield code="d">7871</subfield>
  </datafield>
</record>
